000 00421cam a22001097a 4500
008 180718b1962 xxu||||| |||| 00| 0 eng d
082 _aB136x42 Un3c
245 _aCommunity development: the British contribution
_cby Reference Division, Central Office of Information
260 _aLondon
_bHer Majesty's Stationery Office
_c1962
300 _a37p.
700 _aUnited Kingdom. Central Office of Information. Reference Division
999 _c488762
_d488762